History of the great rebellion, from its commencement to its close, giving an account of its origin, the secession of the Southern states, and the formation of the Confederate government, the concentration of the military and financial resources of the federal government : the development of its vast power, the raising, organizing, and equipping of the intending armies and navies; lucid, vivid, and accurate descriptions of battles and bombardments, sieges and surrender of forts, captured batteries etc., etc.; the immense financial resouroes and comprehensive measures of the government, the enthusiasm and patriotic contributions of the people, --together with sketches of the lives of all the eminent statesmen and military and naval commanders, with a full and complete index /

Bibliographic Details
Main Author: Kettell, Thomas Prentice (Author)
Format: eBook
Language:English
Published: Hartford, Conn. : Cincinnati, Ohio : L. Stebbins ; F.A. Howe, 1865.
Series:Slavery in America and the world: history, culture & law.
Subjects:
Online Access:Connect to the full text of this electronic book

MARC

Tag First Indicator Second Indicator Subfields
LEADER 00000cam a2200000 i 4500
001 in00004409450
005 20210422111743.0
006 m fo d
007 cr bn nnnauuuu
008 141128s1865 ctuabcf o 001 0 eng d
035 |a ccn00497395 
040 |a NjRocCCS  |b eng  |e rda  |c NjRocCCS  |d UtOrBLW 
043 |a n-us--- 
050 4 |a E468  |b .K48 1865 
100 1 |a Kettell, Thomas Prentice,  |e author.  |0 http://id.loc.gov/authorities/names/nr93052479 
245 1 0 |a History of the great rebellion, from its commencement to its close, giving an account of its origin, the secession of the Southern states, and the formation of the Confederate government, the concentration of the military and financial resources of the federal government :  |b the development of its vast power, the raising, organizing, and equipping of the intending armies and navies; lucid, vivid, and accurate descriptions of battles and bombardments, sieges and surrender of forts, captured batteries etc., etc.; the immense financial resouroes and comprehensive measures of the government, the enthusiasm and patriotic contributions of the people, --together with sketches of the lives of all the eminent statesmen and military and naval commanders, with a full and complete index /  |c by Thomas P. Kettell. 
264 1 |a Hartford, Conn. :  |b L. Stebbins ;  |a Cincinnati, Ohio :  |b F.A. Howe,  |c 1865. 
264 2 |a [Getzville, New York] :  |b William S. Hein and Company,  |c [2014] 
300 |a 1 online resource (778 pages, 18 unnumbered leaves of plates) :  |b illustrations, maps, portraits. 
336 |a text  |b txt  |2 rdacontent 
337 |a computer  |b c  |2 rdamedia 
338 |a online resource  |b cr  |2 rdacarrier 
490 0 |a HeinOnline legal classics library  |0 http://id.loc.gov/authorities/names/no94001626 
490 1 |a HeinOnline slavery in America and the world: history, culture & law 
588 |a Description based on PDF title page, viewed November 28, 2014. 
500 |a "From official sources; embellished with numerous and beautiful steel plate engravings, and valuable maps, showing all the important military points; complete in one volume; furnished to subscribers only." 
500 |a Includes index. 
651 0 |a United States  |x History  |y Civil War, 1861-1865.  |0 http://id.loc.gov/authorities/subjects/sh85140205 
655 7 |a Electronic books.  |2 local 
776 0 8 |c Original  |w (DLC) 02008021 
830 0 |a Slavery in America and the world: history, culture & law. 
856 4 0 |u http://proxy.library.tamu.edu/login?url=https://www.heinonline.org/HOL/Page?handle=hein.beal/higreb0001&id=1&size=2&collection=slavery&index=alpha/H_slavery  |z Connect to the full text of this electronic book  |t 0 
949 |a E 468 .K48 1865  |w LC  |c 1  |i 497395-2001  |d 2/6/2018  |l MAIN  |m HEN  |q 2  |r Y  |s Y  |t WEB  |u 12/9/2014  |x ENG  |z N-US 
999 f f |s 0ce96e4c-c263-37c9-b2c3-5813bb009ab7  |i 93d0b033-5abc-343f-a517-64b5db923766  |t 0 
952 f f |a Texas A&M University  |b College Station  |c Electronic Resources  |d Available Online  |t 0  |e E468 .K48 1865  |h Library of Congress classification 
998 f f |a E468 .K48 1865  |t 0  |l Available Online